书目信息 |
| 题名: |
嵌入式C语言编程与Microchip PIC
|
|
| 作者: | 巴内特, , Barnett, , O'Cull, 著 ;薛晓东 , 秦新建 译 | |
| 分册: | ||
| 出版信息: | 北京 清华大学出版社 2005.7 |
|
| 页数: | XVII,401页 | |
| 开本: | 26cm | |
| 丛书名: | 国外计算机科学经典教材 | |
| 单 册: | ||
| 中图分类: | TP312C , TP332.3-43 | |
| 科图分类: | ||
| 主题词: | C语言--C yu yan--程序设计--教材 , 微控制器--wei kong zhi qi--教材 , 程序设计--cheng xu she ji | |
| 电子资源: | ||
| ISBN: | 7-302-10021-7 | |
| 000 | 01638cam2 2200385 450 | |
| 001 | 012005078065 | |
| 005 | 20051124101021.02 | |
| 010 | @a7-302-10021-7@dCNY49.00 | |
| 100 | @a20050716d2005 em y0chiy0121 ea | |
| 101 | 1 | @achi@ceng |
| 102 | @aCN@b110000 | |
| 105 | @af z 000yy | |
| 200 | 1 | @a嵌入式C语言编程与Microchip PIC@Aqian ru shi C yu yan bian cheng yu Microchip PIC@f(美)[巴内特]Richard Barnett,(美)Larry O'Cull等著@g薛晓东,秦新建译 |
| 210 | @a北京@c清华大学出版社@d2005.7 | |
| 215 | @aXVII,401页@c图@d26cm | |
| 225 | 2 | @a国外计算机科学经典教材@Aguo wai ji suan ji ke xue jing dian jiao cai |
| 304 | @a书名原文:Embedded C programming and the microchip PIC | |
| 306 | @a由汤姆森出版集团授权出版 | |
| 330 | @a本书全面系统地介绍了C语言编程技术及其在嵌入式微控制器中的应用,其中包括嵌入式C语言、PIC微控制器的硬件、标准I/O和处理器指令等各种技术,并在附录中扼要介绍了库函数和PIC微控制器编程。 | |
| 333 | @a阅读对象:电子工程技术人员、电机工程技术人员等 | |
| 461 | 0 | @12001 @a国外计算机科学经典教材 |
| 510 | 1 | @aEmbedded C programming and the microchip PIC@zeng |
| 606 | 0 | @aC语言@AC yu yan@x程序设计@j教材 |
| 606 | 0 | @a微控制器@Awei kong zhi qi@j教材 |
| 606 | 0 | @a程序设计@Acheng xu she ji |
| 690 | @aTP312C@v4 | |
| 690 | @aTP332.3-43@v4 | |
| 701 | 1 | @c(美)@a巴内特,@Aba nei te@bR.@g(Barnett, Richard)@4著 |
| 701 | 1 | @c(美)@aBarnett,@bR.@g(Barnett, Richard)@4著 |
| 701 | 1 | @c(美)@aO'Cull,@bL.@g(O'Cull, Larry)@4著 |
| 702 | 0 | @a薛晓东@Axue xiao dong@4译 |
| 702 | 0 | @a秦新建@Aqin xin jian@4译 |
| 801 | 0 | @aCN@bSRXX@c20051124 |
| 801 | 2 | @aCN@bSRXX@c20051110 |
| 905 | @a10447@dTP312C@eB050 | |
| 嵌入式C语言编程与Microchip PIC/(美)[巴内特]Richard Barnett,(美)Larry O'Cull等著/薛晓东,秦新建译.-北京:清华大学出版社,2005.7 |
| XVII,401页:图;26cm.-(国外计算机科学经典教材) |
| 使用对象:阅读对象:电子工程技术人员、电机工程技术人员等 |
| ISBN 7-302-10021-7:CNY49.00 |
| 本书全面系统地介绍了C语言编程技术及其在嵌入式微控制器中的应用,其中包括嵌入式C语言、PIC微控制器的硬件、标准I/O和处理器指令等各种技术,并在附录中扼要介绍了库函数和PIC微控制器编程。 |
| ● |
| 相关链接 |
|
|
|
正题名:嵌入式C语言编程与Microchip PIC
索取号:TP312C/B050
 
预约/预借
| 序号 | 登录号 | 条形码 | 馆藏地/架位号 | 状态 | 备注 |
| 1 | 544588 | 205445883 | 期刊室512/301自科库 77排2列1层/ [索取号:TP312C/B050] | 在馆 | |
| 2 | 544589 | 205445892 | 自科库301/301自科库 77排2列1层/ [索取号:TP312C/B050] | 在馆 | |
| 3 | 544590 | 205445909 | 期刊室512/301自科库 77排2列1层/ [索取号:TP312C/B050] | 在馆 |